| 000 | 00812nas a2200229 a 4500 | ||
|---|---|---|---|
| 001 | 000391807 | ||
| 003 | AM-YeHGA | ||
| 005 | 20250617132310.0 | ||
| 008 | 041206c20049999ru |rzp||||||||||||1arm|d | ||
| 040 | _aAM-YeHGA | ||
| 041 | 0 | _aarm | |
| 222 | 0 | _aՀանրապետական | |
| 245 | 0 | 0 |
_aՀանրապետական / _cՀայաստանի Հանրապետության կուսակցություն. |
| 260 |
_aԵրևան : _bԱ. հ., _c2004. |
||
| 270 | 0 |
_aՄելիք-Ադամյան 2 _bԵրևան _e375010 _k58-04-91, 58-0483 _mhanrapetakan@hhk.am |
|
| 300 | _aհամար. | ||
| 310 | _aԱմիսը մեկ անգամ | ||
| 650 | 0 | 4 | _aԱմսագիր |
| 650 | 1 | 4 |
_aՀայաստանի Հանրապետության կուսակցություն _vՊարբերականներ |
| 942 |
_2udc _cCR |
||
| 090 | _c150042 | ||
| 999 |
_c148654 _d148654 |
||